| 000 | 00738nam a2200205Ia 4500 | ||
|---|---|---|---|
| 999 |
_c39278 _d39278 |
||
| 001 | 5864 | ||
| 003 | GE_BSU | ||
| 005 | 20190917114059.0 | ||
| 008 | 181216s1974||||ge |||||||||||||| ||geo|| | ||
| 040 | _cGE_BSU | ||
| 041 | _ageo | ||
| 080 | _a821.353.1-1 ა-56 | ||
| 100 |
_aამაშუკელი, რეზო _94050 |
||
| 245 |
_aლექსები / _cრეზო ამაშუკელი ; რედ. ი. ორჯონიკიძე. |
||
| 264 |
_aთბილისი : _bმერანი ; _c1974. |
||
| 300 |
_a186 გვ. : _b1ფ. პორტრ. ; _c16 სმ. |
||
| 653 | _aლექსები | ||
| 700 |
_aორჯონიკიძე, ი. _eრედაქტორი _94051 |
||
| 942 |
_cBK _2udc |
||